000 00305nam a22001337a 4500
008 170609b xxu||||| |||| 00| 0 eng d
020 _a29042
041 _aeng
080 _a32
100 _a19
101 _aSHP
245 _aTHE ECONOMICS OF STATE AND LOCAL GOVERNMENT
_cHIRSCH, W.Z
942 _2udc
_cBK
999 _c16701
_d16701